Study of society: a multidisciplinary approach (Record no. 416313)

000 -LEADER
fixed length control field 00347cam a22001217a 4500
008 - FIXED-LENGTH DATA ELEMENTS--GENERAL INFORMATION
fixed length control field 180718b1963 xxu||||| |||| 00| 0 eng d
082 ## - DEWEY DECIMAL CLASSIFICATION NUMBER
Classification number B1 K955s c.2
100 ## - MAIN ENTRY--PERSONAL NAME
Personal name Kuhn, Alfred
245 ## - TITLE STATEMENT
Title Study of society: a multidisciplinary approach
Statement of responsibility, etc. by Alfred Kuhn
260 ## - PUBLICATION, DISTRIBUTION, ETC.
Place of publication, distribution, etc. London
Name of publisher, distributor, etc. Tavistock
Date of publication, distribution, etc. 1963
300 ## - PHYSICAL DESCRIPTION
Extent xviii, 810p
650 ## - SUBJECT ADDED ENTRY--TOPICAL TERM
Topical term or geographic name entry element Social sciences.
Holdings
Withdrawn status Lost status Damaged status Not for loan Permanent Location Current Location Date acquired Full call number Barcode Date last seen Price effective from Koha item type
        Indian Institute of Public Administration Indian Institute of Public Administration 2009-03-13 B1 K955s c.2 38977 2018-07-21 2018-07-21 Book

Powered by Koha